[Event "CZE-chT2B 0910"]
[Site "Czech Republic"]
[Date "2010.04.18"]
[Round "11.7"]
[White "Papay, Marek"]
[Black "Reznicek, Jindrich"]
[Result "1-0"]
[WhiteElo "1926"]
[BlackElo "2037"]
[PlyCount "95"]
[EventDate "2009.10.18"]
[EventType "team-tourn"]
[EventRounds "11"]
[EventCountry "CZE"]
[SourceTitle "EXT 2012"]
[Source "ChessBase"]
[SourceDate "2011.11.24"]
[SourceVersion "1"]
[SourceVersionDate "2011.11.24"]
[SourceQuality "1"]
[WhiteTeam "Decin"]
[BlackTeam "Jirkov"]
[WhiteTeamCountry "CZE"]
[BlackTeamCountry "CZE"]

1. e4 c5 2. f4 Nc6 3. Nc3 d6 4. Nf3 g6 5. Bb5 Bd7 6. 0-0 Bg7 7. Kh1 Nf6 8. d3 0-0 9. h3 a6 10. Bxc6 Bxc6 11. Qe1 e6 12. Be3 b5 13. e5 Nd5 14. Ne4 Nxe3 15. Qxe3 Bxe4 16. Qxe4 d5 17. Qe3 Rc8 18. a4 b4 19. g4 f5 20. g5 Qd7 21. h4 Kf7 22. Kg2 Rh8 23. h5 Bf8 24. Rh1 Be7 25. Rh3 Rcg8 26. Nd2 Qc6 27. Qf3 Qa8 28. Rah1 Kg7 29. Kf1 Qe8 30. b3 h6 31. hxg6 hxg5 32. Rh7+ Rxh7 33. Rxh7+ Kf8 34. Rf7+ Qxf7 35. gxf7 Kxf7 36. Qh5+ Kf8 37. fxg5 Rxg5 38. Qh8+ Kf7 39. Nf3 Rg4 40. Qh5+ Kf8 41. Qh8+ Rg8 42. Qh6+ Kf7 43. Nh4 Bg5 44. Qh5+ Kf8 45. Ng6+ Kf7 46. Nh8+ Kg7 47. Qxg5+ Kxh8 48. Qh6# 1-0

[Event "CZE-chT2B 0910"]
[Site "Czech Republic"]
[Date "2010.03.28"]
[Round "10.7"]
[White "Reznicek, Jindrich"]
[Black "Tichy, Stepan"]
[Result "0-1"]
[WhiteElo "2037"]
[BlackElo "2051"]
[PlyCount "118"]
[EventDate "2009.10.18"]
[EventType "team-tourn"]
[EventRounds "11"]
[EventCountry "CZE"]
[SourceTitle "EXT 2012"]
[Source "ChessBase"]
[SourceDate "2011.11.24"]
[SourceVersion "1"]
[SourceVersionDate "2011.11.24"]
[SourceQuality "1"]
[WhiteTeam "Jirkov"]
[BlackTeam "Karlovy Vary"]
[WhiteTeamCountry "CZE"]
[BlackTeamCountry "CZE"]

1. b3 e5 2. Bb2 Nc6 3. c4 Nf6 4. Nc3 d5 5. cxd5 Nxd5 6. g3 Bc5 7. Bg2 Be6 8. Nf3 f6 9. 0-0 0-0 10. Ne4 Be7 11. Rc1 Qd7 12. Nc5 Bxc5 13. Rxc5 Rad8 14. d3 Nce7 15. Qb1 b6 16. Rcc1 c5 17. Nd2 Nc6 18. Ne4 Nd4 19. Rce1 Nb4 20. Bxd4 exd4 21. Qb2 Nd5 22. Rc1 h6 23. Rc2 Rfe8 24. Nd2 Nb4 25. Rcc1 Bg4 26. Nf3 Nd5 27. Rfe1 Re7 28. Kf1 Rde8 29. Ng1 Nc3 30. f3 Bh5 31. e4 f5 32. Bh3 Qb5 33. Bxf5 Qxd3+ 34. Kf2 Rf8 35. Qc2 Qa6 36. a4 Qb7 37. g4 Bf7 38. g5 g6 39. Bh3 hxg5 40. Kg3 Qc7+ 41. Kg2 Qe5 42. Bg4 Be6 43. Bxe6+ Qxe6 44. h3 a6 45. Rf1 b5 46. axb5 axb5 47. Ra1 Rff7 48. Ra8+ Re8 49. Ra5 c4 50. bxc4 Qxc4 51. Qd2 Nxe4 52. Qe1 Nd6 53. Qg3 Qd5 54. Ra6 Rf6 55. Qg4 Nf5 56. Rxf6 Ne3+ 57. Kg3 Nxg4 58. fxg4 Re3+ 59. Kh2 Kg7 0-1

[Event "CZE-chT2B 0910"]
[Site "Czech Republic"]
[Date "2010.01.31"]
[Round "6.7"]
[White "Dalecky, Bretislav"]
[Black "Reznicek, Jindrich"]
[Result "1-0"]
[WhiteElo "2159"]
[BlackElo "2037"]
[PlyCount "55"]
[EventDate "2009.10.18"]
[EventType "team-tourn"]
[EventRounds "11"]
[EventCountry "CZE"]
[SourceTitle "EXT 2012"]
[Source "ChessBase"]
[SourceDate "2011.11.24"]
[SourceVersion "1"]
[SourceVersionDate "2011.11.24"]
[SourceQuality "1"]
[WhiteTeam "Novoborsky III"]
[BlackTeam "Jirkov"]
[WhiteTeamCountry "CZE"]
[BlackTeamCountry "CZE"]

1. e4 c5 2. Ne2 d6 3. d4 cxd4 4. Nxd4 Nf6 5. Nc3 a6 6. Be2 e6 7. 0-0 Be7 8. a4 Qc7 9. Be3 b6 10. f4 Bb7 11. Bf3 Nbd7 12. Qe2 0-0 13. g4 Nc5 14. Qg2 Rfd8 15. g5 Ne8 16. f5 e5 17. f6 Bf8 18. fxg7 Nxg7 19. Nf5 Bc6 20. Nh6+ Kh8 21. Bg4 Be8 22. Nd5 Qb7 23. Rf6 Nge6 24. Raf1 Bg7 25. Bxc5 Bxf6 26. gxf6 Bc6 27. Ne7 Bxe4 28. Nxf7# 1-0

[Event "CZE-chT2B 0910"]
[Site "Czech Republic"]
[Date "2010.01.17"]
[Round "5.6"]
[White "Haman, Jakub"]
[Black "Reznicek, Jindrich"]
[Result "1-0"]
[WhiteElo "1955"]
[BlackElo "2037"]
[PlyCount "61"]
[EventDate "2009.10.18"]
[EventType "team-tourn"]
[EventRounds "11"]
[EventCountry "CZE"]
[SourceTitle "EXT 2012"]
[Source "ChessBase"]
[SourceDate "2011.11.24"]
[SourceVersion "1"]
[SourceVersionDate "2011.11.24"]
[SourceQuality "1"]
[WhiteTeam "Kladno"]
[BlackTeam "Jirkov"]
[WhiteTeamCountry "CZE"]
[BlackTeamCountry "CZE"]

1. e4 c5 2. f4 d6 3. Nf3 Nc6 4. Nc3 Bg4 5. Bb5 Rc8 6. h3 Bxf3 7. Qxf3 a6 8. Bxc6+ Rxc6 9. 0-0 e6 10. b3 Nf6 11. Bb2 Be7 12. g4 0-0 13. Rae1 Nd7 14. d3 Bf6 15. Kh1 Bd4 16. Nd1 Bxb2 17. Nxb2 Qa5 18. Nc4 Qc3 19. Re2 Qf6 20. Na5 Rc7 21. Nxb7 e5 22. Na5 Qh4 23. Kh2 Nb6 24. fxe5 dxe5 25. Qf5 Qe7 26. Rg2 Qd6 27. g5 Re8 28. h4 Qd4 29. h5 Re6 30. Rgf2 Qc3 31. Qxe6 1-0